000 00631nam a2200193Ia 4500
003 GCL
008 140319s9999 xx 000 0 ara d
040 _aGCL /
_cGCL
082 0 4 _a001.6424
_bك م
100 1 _aكوارت, روبرت
245 1 0 _aمبادئ البرنامج DBASE IV1.5 /
_cكوارت, روبرت
700 1 _aمركز التعريب والبرمجة
260 _aبيروت :
_bالدار العربية للعلوم ،
_c1993
300 _a306 ص ؛
_c24 سم
650 0 4 _aالحاسبات الالكترونية
650 0 4 _aالبرامج
650 0 4 _aدبيز فور بلاس
942 _2ddc
_cBK
999 _c52784
_d52784